000 00428nam a2200157 i 4500
001 28461
003 ES-MaACL
005 20230906153847.0
007 t|
008 030117s1968 sp ||||1| spa d
100 1 _aBaena, Ruperto.
_924587
245 1 0 _aTodavĂ­a escribe mi pluma /
_cRuperto Baena.
260 _aMadrid :
_b[s.n.,
_c1968] (
_fImp. El arte)
300 _a192 p. ;
_c19 cm.
852 _aES-MaACL
_jC-35298
_bR.68316
999 _c28461
_d28461